000 00678cam a22002292a 4500
001 004618
003 AR-FADEU
008 311216n1994####xxu####################dd
020 _a950-718-10322
092 _a321
_bD352
100 _aGarcía Delgado, Daniel R.
245 _aEstado y Sociedad : la nueva relación a partir del cambio estructural
260 _aBuenos Aires
260 _bFlacso
260 _bTesis
260 _c1994
300 _a295 p
440 _aSociales
500 _aIncluye bibliografía
650 _aESTADO-CAMBIO ESTRUCTURAL; ESTADO DE BIENESTAR; ESTADO POSTSOCIAL; ECONOMIA DE LIBRE MERCADO; INDUSTRIALISMO SUSTITUTIVO
942 _cBDGR
999 _c10441
_d10441